MUSIKCHARTS: Deutsche TOP-100-Jahrescharts 1997 - Statistiken

Allgemein
  • Dieses Quiz wurde 88 mal gespielt
  • Das Durchschnittsergebnis liegt bei 31 aus 100
Antwortstatistiken
Platz Interpret Lied % Korrekt
21 Backstreet Boys Everybody (Backstreet's Back)
90%
34 Backstreet Boys As Long As You Love Me
90%
47 Backstreet Boys Anywhere For You
90%
56 Backstreet Boys Quit Playing Games (With My Heart)
90%
3 Elton John Candle In The Wind
89%
11 Rammstein Engel
88%
73 Rammstein Du hast
88%
4 Will Smith Men In Black
86%
8 Aqua Barbie Girl
85%
5 Tic Tac Toe Warum?
84%
25 Tic Tac Toe Verpiss' Dich
84%
42 Tic Tac Toe Mr. Wichtig
84%
22 Madonna Don't Cry For Me Argentina
66%
6 No Doubt Don't Speak
63%
14 R. Kelly I Believe I Can Fly
59%
39 R. Kelly Gotham City
59%
1 Sarah Brightman & Andrea Bocelli Time To Say Goodbye (Con te partirò)
59%
16 Hanson MmmBop
53%
13 Toni Braxton Un-Break My Heart
52%
15 Sabrina Setlur Du liebst mich nicht
49%
64 The Notorious B.I.G. feat. Puff Daddy & Mase Mo Money Mo Problems
48%
2 Puff Daddy & Faith Evans feat. 112 I'll Be Missing You
47%
30 'N Sync Tearin' Up My Heart
45%
76 'N Sync Here We Go
45%
82 Puff Daddy feat. Mase Can't Nobody Hold Me Down
42%
46 Spice Girls Who Do You Think You Are / Mama
40%
72 Spice Girls 2 Become 1
40%
12 Wolfgang Petry Die längste Single der Welt
40%
7 Nana Lonely
38%
36 Nana He's Comin'
38%
63 Nana Darkman
38%
70 Blümchen Nur geträumt
37%
89 Blümchen Gib mir noch Zeit
37%
58 Michael Jackson History / Ghosts
37%
92 Michael Jackson Blood On The Dance Floor
37%
96 Sash! Encore une fois
36%
93 Sash! feat. La Trec Stay
36%
50 Sash! feat. Rodriguez Ecuador
36%
40 Freundeskreis Anna
34%
20 Bell Book & Candle Rescue Me
33%
45 Scooter Fire
30%
98 Scooter Break It Up
30%
10 Bellini Samba de Janeiro
29%
19 No Mercy When I Die
27%
57 No Mercy Please Don't Go
27%
33 The Cardigans Lovefool
27%
88 Daft Punk Around The World
26%
69 Chumbawamba Tubthumping
25%
84 Der Wolf Oh Shit - Frau Schmidt
25%
35 Mr. President Jojo Action
25%
52 The Prodigy Breathe
22%
79 B Real, Busta Rhymes, Coolio, LL Cool J & Method Man Hit 'Em High (The Monstars' Anthem)
21%
68 Depeche Mode It's No Good
21%
100 Depeche Mode Barrel Of A Gun
21%
55 Skunk Anansie Hedonism (Just Because You Feel Good)
21%
26 Coolio feat. 40 Thevz C U When U Get There
19%
87 The Notorious B.I.G. Hypnotize
19%
43 Gala Freed From Desire
18%
17 Ricky Martin Maria
18%
53 Aaron Carter Crush On You
16%
51 Da Hool Meet Her At The Love Parade
16%
49 Dune Who Wants To Live Forever
16%
80 Ginuwine When Doves Cry
16%
85 Ginuwine Pony
16%
44 Dario G Sunchyme
15%
48 Dr. Motte & WestBam Sunshine
15%
9 Members Of Mayday Sonic Empire
15%
59 Khaled Aïcha
14%
24 Pappa Bear feat. Van der Toorn Cherish
14%
37 Brooklyn Bounce The Theme (Of Progressive Attack)
12%
67 Brooklyn Bounce Get Ready To Bounce
12%
74 Meredith Brooks Bitch
12%
18 C-Block So Strung Out
11%
41 C-Block Time Is Tickin' Away
11%
27 Lutricia McNeal Ain't That Just The Way
11%
71 Spektacoolär Meine kleine Schwester
11%
23 DJ Quicksilver I Have A Dream / Bellissima
10%
54 DJ Quicksilver Free
10%
94 Down Low Johnny B.
10%
29 En Vogue Don't Let Go (Love)
10%
65 Nalin & Kane Beachball
10%
90 The Kelly Family Because It's Love
8%
38 Whitney Houston Step By Step
7%
78 Babyface feat. Stevie Wonder How Come, How Long
5%
86 Jam & Spoon feat. Plavka Kaleidoscope Skies
5%
28 Bee Gees Alone
4%
32 Cappuccino Du fehlst mir
4%
95 MC Lyte Cold Rock A Party
4%
62 Robert Miles feat. Maria Nayler One & One
4%
60 Apollo Four Forty Ain't Talkin' 'Bout Dub
3%
31 Chilli feat. Carrapicho Tic, Tic Tac
3%
99 Garcia Bamboleo
3%
81 Red 5 I Love You... Stop!
3%
83 Shola Ama You Might Need Somebody
3%
66 Space Frog feat. The Grim Reaper (X-Ray) Follow Me
3%
77 The Blue Boy Remember Me
3%
75 The Rapsody feat. Warren G & Sissel Prince Igor
3%
61 Eternal feat. Bebe Winans I Wanna Be The Only One
1%
97 G's Incorporated Stairway To Heaven
1%
91 Vertigo Oxygene
1%
Keine übereinstimmenden Quizze gefunden
Verteilung der Resultate
Anzahl Personen mit jedem Resultat
Perzentil nach korrekt beantworteten Fragen
Ihre Resultats-Entwicklung
Sie haben dieses Quiz noch nicht gespielt